ბათუმის შოთა რუსთაველის სახელმწიფო უნივერსიტეტის ბიბლიოთეკა

ვეფხის-ტყაოსნის სიმფონია=Симфония к поэме Ш.Руставели: Витязь в тигровой шкуре (ბიბ.ჩანაწერი № 52438)

000 -LEADER
fixed length control field 01161nam a2200229Ia 4500
001 - CONTROL NUMBER
control field 19460
003 - CONTROL NUMBER IDENTIFIER
control field GE_BSU
008 - FIXED-LENGTH DATA ELEMENTS--GENERAL INFORMATION
fixed length control field 181216s||||||||xx |||||||||||||| ||und||
040 ## - CATALOGING SOURCE
Transcribing agency GE_BSU
080 ## - UNIVERSAL DECIMAL CLASSIFICATION NUMBER
Universal Decimal Classification number 821.353.1.09-13
245 ## - TITLE STATEMENT
Title ვეფხის-ტყაოსნის სიმფონია=Симфония к поэме Ш.Руставели: Витязь в тигровой шкуре
245 ## - TITLE STATEMENT
Remainder of title ძველი ქართული ენის კათედრის შრომები :3
245 ## - TITLE STATEMENT
Statement of responsibility, etc. შედგენილი:აკაკი შანიძის ხელმძღვანელობით მისივე წინასიტ.და გამოკვლევით.
260 ## - PUBLICATION, DISTRIBUTION, ETC.
Place of publication, distribution, etc. თბილისი
260 ## - PUBLICATION, DISTRIBUTION, ETC.
Name of publisher, distributor, etc. სტალინის სახელობის თბილ.სახელმწ.უნ-ტი
260 ## - PUBLICATION, DISTRIBUTION, ETC.
Date of publication, distribution, etc. 1956
300 ## - PHYSICAL DESCRIPTION
Extent 430გვ;24სმ.
653 ## - INDEX TERM--UNCONTROLLED
Uncontrolled term რუსთაველი შოთა და მისი ვეფხისტყაოსანი;
653 ## - INDEX TERM--UNCONTROLLED
Uncontrolled term ქართული ლიტერატურა
942 ## - ADDED ENTRY ELEMENTS (KOHA)
Koha item type წიგნი
ეგზემპლარები
Withdrawn status Lost status Damaged status Not for loan Date acquired Barcode Date last seen Price effective from Koha item type
        2018-12-17 48468 2018-12-17 2018-12-17 წიგნი